Paratexts : thresholds of interpretation

Saved in:
Bibliographic Details
Main Author: Genette, Gerard 1930-
Other Authors: Lewin, J. (Translator)
Format: Book
Language:English
Published: Cambridge ; : New York : Cambridge University Press, [c1997]
Series:Literature, culture, theory ; ; 20
Subjects:
Tags: Add Tag
No Tags, Be the first to tag this record!

MARC

LEADER 00000nam a2200000 i 4500
001 1/39061
008 061208s1997 eng d
020 |a 0-521-42406-2 (pbk) 
035 |l 10086496 
040 |a GR-MY-UA  |b gre  |e aacr 
041 0 |a eng 
082 0 |a 809.2  |2 (22) 
100 1 |a Genette, Gerard  |d 1930- 
245 1 0 |a Paratexts :  |b thresholds of interpretation /  |c Gιrard Genette ; translated by Jane E. Lewin ; ; foreword by Richard Macksey 
260 |a Cambridge ; :   |a New York :   |b Cambridge University Press,   |c [c1997] 
300 |a xxv, 427 σ. 
490 1 |a Literature, culture, theory  |v ; 20 
504 |a Περιλαμβάνει βιβλιογραφικες παραπομπές 
650 0 0 |a Discourse analysis, Literary. 
650 0 0 |a Authors and publishers. 
650 0 0 |a Transmission of texts. 
650 0 0 |a Criticism, Textual. 
650 0 0 |a Literary form. 
700 1 |a Lewin, J.  |4 trl 
830 0 |a Literature, culture, theory ;  |v ; 20 
852 |a INST  |b RHODES  |e 20061208  |h 809.2 GEN  |p 005400023777  |q 005400023777  |t BK  |y 0 
901 |a BIBL4-2006-3 
909 |a Ρ  |b 127346 
920 |a ΚΕΝΤΡΙΚΗ ΔΡΑΣΗ ΦΥΛΟΥ  |b ΕΠΕΑΕΚ ΙΙ-ΤΕΠΑΕΣ  |y ΡΟΔΟΣ  |z 2006-11 
970 |a ΜΙΣΣΟΣ  |b ΣΤΑΥΡΟΣ  |z 2006/12/08